[Event "37. Copenhagen Open (Politiken Cup)"]
[Site "Elsinore"]
[Date "2015.07.28"]
[Round "5"]
[White "Hvenekilde, Jorgen"]
[Black "Mouritsen, Jan"]
[Result "1-0"]
[WhiteElo "2114"]
[BlackElo "1799"]
[PlyCount "67"]
[EventDate "2015.07.25"]
[EventType "swiss"]
[EventRounds "10"]
[EventCountry "DEN"]
[Source "ChessBase"]
[SourceDate "2015.09.14"]

1. e4 c5 2. Nf3 d6 3. Be2 Nc6 4. c3 Nf6 5. d4 cxd4 6. cxd4 g6 7. O-O Bg7 8. d5
Ne5 9. Nxe5 dxe5 10. Nc3 O-O 11. Be3 e6 12. h3 exd5 13. exd5 b6 14. Qb3 Bb7 15.
Rfd1 Ne8 16. d6 Kh8 17. Rac1 f5 18. d7 Nc7 19. f3 Qe7 20. Nb5 Nxb5 21. Qxb5 Qd8
22. Qc4 Rb8 23. Qc7 Bf6 24. Bh6 Rf7 25. Qd6 e4 26. Bc4 Be7 27. Qe5+ Bf6 28. Qd6
Bg7 29. Bxg7+ Rxg7 30. Qe5 Ra8 31. Bf7 exf3 32. Qe8+ Qxe8 33. dxe8=Q+ Rxe8 34.
Bxe8 1-0

[Event "37. Copenhagen Open (Politiken Cup)"]
[Site "Elsinore"]
[Date "2015.07.28"]
[Round "5"]
[White "Jacobsen, Fredrik Beer"]
[Black "Madison, Sigurd"]
[Result "1-0"]
[WhiteElo "2071"]
[BlackElo "1853"]
[PlyCount "53"]
[EventDate "2015.07.25"]
[EventType "swiss"]
[EventRounds "10"]
[EventCountry "DEN"]
[Source "ChessBase"]
[SourceDate "2015.09.14"]

1. e4 e5 2. Nf3 Nc6 3. d4 exd4 4. Bc4 d6 5. Nxd4 Ne5 6. Bb3 Nf6 7. Nc3 a6 8. a4
c5 9. Nde2 Be7 10. O-O O-O 11. f3 Bd7 12. Bd5 Nxd5 13. Nxd5 Bh4 14. Bd2 Bc6 15.
Bc3 f5 16. g3 fxe4 17. fxe4 Nf3+ 18. Kg2 Qd7 19. Rxf3 Rxf3 20. Kxf3 Qh3 21.
Nef4 Rf8 22. Qf1 Qxh2 23. Qg2 Bxg3 24. Qxg3 Qh5+ 25. Ke3 Qf7 26. Ne7+ Kh8 27.
Nfg6+ 1-0

[Event "37. Copenhagen Open (Politiken Cup)"]
[Site "Elsinore"]
[Date "2015.07.28"]
[Round "5"]
[White "Jacobsen, Heidrikur Tindskar"]
[Black "Brorsen, Jacob Abildlund"]
[Result "1/2-1/2"]
[WhiteElo "1902"]
[BlackElo "2110"]
[PlyCount "208"]
[EventDate "2015.07.25"]
[EventType "swiss"]
[EventRounds "10"]
[EventCountry "DEN"]
[Source "ChessBase"]
[SourceDate "2015.09.14"]

1. e4 e5 2. Nf3 Nc6 3. Bc4 Be7 4. d4 d6 5. c3 Nf6 6. Nbd2 O-O 7. h3 exd4 8.
cxd4 d5 9. exd5 Nxd5 10. O-O Bf5 11. a3 Qd6 12. Nb3 Nb6 13. Bd3 Qg6 14. Bxf5
Qxf5 15. Qe2 Bf6 16. Be3 Rfe8 17. Rac1 Nd5 18. Qd2 Rad8 19. Rfe1 Nce7 20. Bg5
Bxg5 21. Qxg5 f6 22. Qxf5 Nxf5 23. Nc5 Nd6 24. g3 Kf7 25. Rxe8 Rxe8 26. Re1 Rd8
27. Kg2 c6 28. Ne6 Rb8 29. Nc5 Nc7 30. Nd3 Rd8 31. Nc5 b6 32. Nd3 Nf5 33. Nb4
Rd6 34. Rc1 Ne7 35. Nc2 Ne6 36. Nb4 Nc7 37. Nc2 Ke8 38. Ne3 Kd7 39. Nc4 Rd5 40.
Ne3 Rb5 41. Rc2 Rb3 42. Rd2 Nb5 43. Ng1 Nd6 44. Ne2 Ne4 45. Rc2 Rd3 46. Kf3
Ng5+ 47. Kg2 Ne6 48. Rc3 Rd2 49. Rc2 Rd3 50. Rc3 Rd2 51. Rc2 Rxc2 52. Nxc2 Nf5
53. g4 Nd6 54. Ne3 Nc7 55. Nc3 Ncb5 56. Ne2 Ne4 57. f3 Nd2 58. Kf2 Nb3 59. Nc2
Ke6 60. Ke3 Na5 61. Kd3 Nd6 62. Nf4+ Ke7 63. Ne3 Nab7 64. Nh5 Kf7 65. Ng3 g6
66. Ne4 Ke6 67. h4 Nf7 68. Ng3 c5 69. d5+ Ke5 70. Ne2 g5 71. hxg5 fxg5 72. Nc3
Kf4 73. Ke2 Nbd6 74. Ng2+ Kg3 75. Ne3 Kf4 76. Ng2+ Ke5 77. Ne3 b5 78. a4 b4 79.
Nb5 a6 80. Nxd6 Nxd6 81. Kd3 a5 82. b3 h6 83. Nc4+ Kxd5 84. Nxa5 Nc8 85. Nc4
Ne7 86. Ne3+ Kc6 87. Nf5 Ng6 88. Nxh6 Ne5+ 89. Ke2 c4 90. bxc4 Kc5 91. Kd2 Kxc4
92. a5 Nxf3+ 93. Kc2 Nd4+ 94. Kb2 Kb5 95. Nf5 Ne6 96. a6 Kxa6 97. Nd6 Kb6 98.
Kb3 Ka5 99. Nc4+ Kb5 100. Nd6+ Kc6 101. Ne4 Kb5 102. Nd6+ Kc5 103. Ne4+ Kd4
104. Nxg5 Nxg5 1/2-1/2

[Event "37. Copenhagen Open (Politiken Cup)"]
[Site "Elsinore"]
[Date "2015.07.28"]
[Round "5"]
[White "Jacobsen, Per"]
[Black "Satre, Roger"]
[Result "1/2-1/2"]
[WhiteElo "1680"]
[BlackElo "1900"]
[PlyCount "71"]
[EventDate "2015.07.25"]
[EventType "swiss"]
[EventRounds "10"]
[EventCountry "DEN"]
[Source "ChessBase"]
[SourceDate "2015.09.14"]

1. b3 d5 2. Bb2 Bf5 3. e3 Nf6 4. Nf3 e6 5. Be2 Bd6 6. d4 Nc6 7. a3 Ne4 8. O-O
O-O 9. Nbd2 h6 10. Rc1 Qf6 11. c4 Ne7 12. Nxe4 dxe4 13. Nd2 c5 14. Qc2 Qg5 15.
g3 cxd4 16. Bxd4 Bxa3 17. Ra1 Bb4 18. h4 Qg6 19. h5 Qg5 20. Nxe4 Bxe4 21. Qxe4
Nc6 22. Bb2 Rfe8 23. Bd3 e5 24. Be2 Rad8 25. Rad1 f5 26. Qg2 f4 27. Qf3 fxg3
28. fxg3 Bc5 29. Rd3 e4 30. Qf7+ Kh7 31. Rxd8 Qxg3+ 32. Kh1 Qh3+ 33. Kg1 Qxe3+
34. Kg2 Qg5+ 35. Kh3 Rxd8 36. Bf6 1/2-1/2

[Event "37. Copenhagen Open (Politiken Cup)"]
[Site "Elsinore"]
[Date "2015.07.28"]
[Round "5"]
[White "Jarve, Edvin"]
[Black "Matras, Ove"]
[Result "0-1"]
[WhiteElo "1637"]
[BlackElo "1940"]
[PlyCount "70"]
[EventDate "2015.07.25"]
[EventType "swiss"]
[EventRounds "10"]
[EventCountry "DEN"]
[Source "ChessBase"]
[SourceDate "2015.09.14"]

1. d4 Nf6 2. c4 c6 3. Nf3 d5 4. e3 Bg4 5. h3 Bh5 6. Bd3 e6 7. O-O Bd6 8. Nbd2
Nbd7 9. Qc2 Rc8 10. c5 Bb8 11. b4 Qc7 12. Bb2 g5 13. Ne5 Nxe5 14. dxe5 Bg6 15.
f4 Nd7 16. Rae1 Bxd3 17. Qxd3 a5 18. a3 b6 19. cxb6 Qxb6 20. Bd4 c5 21. bxc5
Nxc5 22. Bxc5 Rxc5 23. Nb3 Rc4 24. Rc1 Rxc1 25. Rxc1 O-O 26. Qc3 Ba7 27. fxg5
Qxe3+ 28. Kh1 a4 29. Na5 Qxc3 30. Rxc3 Bd4 31. Rc2 Bxe5 32. Nc6 Bd6 33. Kg1 Kg7
34. Nd4 Rb8 35. Kf2 Bxa3 0-1

[Event "37. Copenhagen Open (Politiken Cup)"]
[Site "Elsinore"]
[Date "2015.07.28"]
[Round "5"]
[White "Jensen, Hans Askov"]
[Black "Petersen, Rasmus"]
[Result "0-1"]
[WhiteElo "1473"]
[BlackElo "1727"]
[PlyCount "108"]
[EventDate "2015.07.25"]
[EventType "swiss"]
[EventRounds "10"]
[EventCountry "DEN"]
[Source "ChessBase"]
[SourceDate "2015.09.14"]

1. e4 d5 2. exd5 Qxd5 3. Nc3 Qa5 4. d4 Nf6 5. Nf3 Bf5 6. Bd3 Bg6 7. O-O e6 8.
Ne5 c6 9. Nxg6 hxg6 10. Ne4 Nbd7 11. Re1 Be7 12. Be3 Qc7 13. g3 Nd5 14. Qe2
O-O-O 15. c3 Nxe3 16. Qxe3 Kb8 17. a4 Nf6 18. Nxf6 gxf6 19. b4 Rh7 20. Kg2 Rdh8
21. Rh1 f5 22. b5 g5 23. c4 Bf6 24. Rac1 Qd6 25. d5 exd5 26. c5 Qe7 27. bxc6
Qxe3 28. fxe3 bxc6 29. Bxf5 Rh6 30. a5 Kc7 31. a6 Be7 32. e4 dxe4 33. Bxe4 Re6
34. Bf3 Rb8 35. Rb1 Bxc5 36. Rxb8 Kxb8 37. Rb1+ Bb6 38. Rc1 Kc7 39. Bg4 Re7 40.
Bf3 c5 41. Kh3 f5 42. g4 f4 43. Rc4 Kd6 44. Re4 Rxe4 45. Bxe4 Ke5 46. Bf5 Kd4
47. Kg2 Ke3 48. h4 f3+ 49. Kf1 gxh4 50. g5 Bd8 51. g6 Bf6 52. Be6 Kf4 53. Kf2
Bd4+ 54. Kf1 Kg3 0-1

[Event "37. Copenhagen Open (Politiken Cup)"]
[Site "Elsinore"]
[Date "2015.07.28"]
[Round "5"]
[White "Jensen, Michael Agermose"]
[Black "Ranaldi, Lucas"]
[Result "0-1"]
[WhiteElo "1984"]
[BlackElo "2142"]
[PlyCount "100"]
[EventDate "2015.07.25"]
[EventType "swiss"]
[EventRounds "10"]
[EventCountry "DEN"]
[Source "ChessBase"]
[SourceDate "2015.09.14"]

1. e4 c5 2. Nf3 e6 3. d4 cxd4 4. c3 Nf6 5. e5 Nd5 6. Qxd4 Nc6 7. Qe4 f5 8. exf6
Nxf6 9. Qe2 d5 10. Bg5 Bd6 11. Nbd2 O-O 12. Qd3 Qb6 13. O-O-O Qa5 14. Bxf6 Rxf6
15. Ng5 g6 16. Nge4 dxe4 17. Qxd6 Qd5 18. Nc4 Qg5+ 19. Qd2 Qc5 20. Qe3 Qf5 21.
Rd2 Ne7 22. Nd6 Qa5 23. Nxe4 Rf8 24. Bc4 Nd5 25. Qd4 b6 26. Bxd5 exd5 27. Nf6+
Rxf6 28. Qxf6 Qxa2 29. Qd8+ Kg7 30. Qe7+ Kg8 31. Qe8+ Kg7 32. Qe5+ Kh6 33. Qf4+
Kg7 34. Qe5+ Kh6 35. Qf4+ Kg7 36. Qd4+ Kh6 37. Rd3 Bf5 38. Qh4+ Kg7 39. Qe7+
Kg8 40. Rhd1 Qa1+ 41. Kd2 Qxb2+ 42. Ke3 Bxd3 43. Qe6+ Kf8 44. Qd6+ Kg7 45. Qe5+
Kh6 46. Qf4+ g5 47. Qf6+ Bg6 48. Kf3 Qc2 49. Kg3 Qxd1 50. f3 Qe1+ 0-1

[Event "37. Copenhagen Open (Politiken Cup)"]
[Site "Elsinore"]
[Date "2015.07.28"]
[Round "5"]
[White "Jensen, Thore Nyboe"]
[Black "Kristiansen, Tore"]
[Result "1/2-1/2"]
[WhiteElo "2008"]
[BlackElo "1784"]
[PlyCount "93"]
[EventDate "2015.07.25"]
[EventType "swiss"]
[EventRounds "10"]
[EventCountry "DEN"]
[Source "ChessBase"]
[SourceDate "2015.09.14"]

1. e4 c5 2. Nf3 e6 3. d4 cxd4 4. c3 dxc3 5. Nxc3 d6 6. Bc4 Nc6 7. O-O Be7 8.
Qe2 a6 9. Rd1 e5 10. Be3 Nf6 11. Bd5 Bg4 12. h3 Bxf3 13. Qxf3 O-O 14. Rac1 Rc8
15. a3 Nd7 16. b4 Bg5 17. Bxc6 Rxc6 18. Nd5 Bxe3 19. Qxe3 Nb8 20. a4 b5 21.
axb5 axb5 22. Qd3 Qg5 23. Ne3 Rfc8 24. Rxc6 Nxc6 25. Qxb5 Nd4 26. Qb7 Qd8 27.
Nd5 Rb8 28. Qa6 h6 29. Kh2 Ra8 30. Qc4 Rb8 31. Rc1 Nb5 32. Qc6 Kf8 33. Qa6 Nd4
34. Qc4 Nb5 35. f3 g6 36. Qc6 Nd4 37. Qa6 Ra8 38. Qb7 Rb8 39. Qc7 Nb5 40. Qxd8+
Rxd8 41. Kg1 Rb8 42. Rc6 Ke8 43. Kf2 Kd7 44. Ra6 Rb7 45. Nf6+ Ke6 46. Nd5 Kd7
47. Nf6+ 1/2-1/2

[Event "37. Copenhagen Open (Politiken Cup)"]
[Site "Elsinore"]
[Date "2015.07.28"]
[Round "5"]
[White "Jensen, Tommy"]
[Black "Jensen, Morten Frank"]
[Result "0-1"]
[WhiteElo "1821"]
[BlackElo "2028"]
[PlyCount "120"]
[EventDate "2015.07.25"]
[EventType "swiss"]
[EventRounds "10"]
[EventCountry "DEN"]
[Source "ChessBase"]
[SourceDate "2015.09.14"]

1. d4 Nc6 2. Nf3 d6 3. e4 Nf6 4. Nc3 g6 5. Bb5 Bd7 6. d5 Nb8 7. Bxd7+ Nbxd7 8.
O-O Bg7 9. Rb1 O-O 10. Re1 c6 11. dxc6 bxc6 12. e5 dxe5 13. Nxe5 Nxe5 14. Qxd8
Rfxd8 15. Rxe5 Nd5 16. Re1 Nxc3 17. bxc3 Bxc3 18. Rf1 Rd7 19. g3 Rad8 20. Be3
Bd4 21. Bxd4 Rxd4 22. Rb7 R8d7 23. Rxd7 Rxd7 24. Rc1 Rb7 25. Re1 e6 26. Re3 Kf8
27. Rc3 Rb6 28. Kf1 Ke7 29. Ke2 g5 30. g4 Kf6 31. a3 h6 32. h3 Ke5 33. Re3+ Kd6
34. Rd3+ Ke7 35. Rb3 Rb5 36. Rc3 Kd6 37. Rd3+ Rd5 38. Rb3 Rb5 39. Rd3+ Ke7 40.
Rc3 Rb6 41. Rf3 c5 42. Rc3 Rb5 43. Rc4 Ra5 44. Rc3 f5 45. gxf5 exf5 46. f3 Kf6
47. Rd3 h5 48. c4 Ra4 49. Rc3 Ke5 50. Ke3 h4 51. Kd3 Kf4 52. Ke2 Ra6 53. Kf2
Rd6 54. Ke2 Rd4 55. Rc1 a5 56. a4 Rd8 57. Rb1 Re8+ 58. Kf2 Re3 59. Kg2 Re2+ 60.
Kf1 Rc2 0-1

[Event "37. Copenhagen Open (Politiken Cup)"]
[Site "Elsinore"]
[Date "2015.07.28"]
[Round "5"]
[White "Jepson, Christian"]
[Black "Risting, Eivind Olav"]
[Result "1/2-1/2"]
[WhiteElo "2428"]
[BlackElo "2190"]
[PlyCount "89"]
[EventDate "2015.07.25"]
[EventType "swiss"]
[EventRounds "10"]
[EventCountry "DEN"]
[Source "ChessBase"]
[SourceDate "2015.09.14"]

1. Nf3 Nf6 2. c4 e6 3. Nc3 d5 4. d4 Bb4 5. e3 O-O 6. Bd3 c5 7. O-O Nc6 8. a3
Bxc3 9. bxc3 dxc4 10. Bxc4 Qc7 11. Bb2 e5 12. h3 b6 13. Qe2 Bb7 14. Rfd1 Rfd8
15. Ng5 Rf8 16. Nf3 Rfd8 17. Rac1 Rac8 18. Ba2 e4 19. Nh2 h5 20. d5 Ne5 21. c4
Qe7 22. f4 Nd3 23. Rb1 b5 24. Bxf6 Qxf6 25. Qxh5 Qc3 26. Qe2 Qxa3 27. Rxb5 Ba6
28. Rbb1 Rb8 29. Ng4 Nb2 30. Rd2 Qxa2 31. Rbxb2 Rxb2 32. Rxb2 Qxc4 33. Qxc4
Bxc4 34. Rc2 Bxd5 35. Rxc5 Be6 36. Ra5 Rd1+ 37. Kh2 Bxg4 38. hxg4 Rd3 39. Kg3
Rxe3+ 40. Kf2 Rb3 41. Rxa7 Rb2+ 42. Ke3 Rxg2 43. g5 g6 44. Kxe4 Kg7 45. Kf3
1/2-1/2

[Event "37. Copenhagen Open (Politiken Cup)"]
[Site "Elsinore"]
[Date "2015.07.28"]
[Round "5"]
[White "Johansson, Linus"]
[Black "Rasmussen, Allan Stig"]
[Result "1/2-1/2"]
[WhiteElo "2379"]
[BlackElo "2502"]
[PlyCount "72"]
[EventDate "2015.07.25"]
[EventType "swiss"]
[EventRounds "10"]
[EventCountry "DEN"]
[Source "ChessBase"]
[SourceDate "2015.09.14"]

1. d4 Nf6 2. c4 c5 3. d5 b5 4. cxb5 a6 5. bxa6 g6 6. Nc3 Bg7 7. Nf3 O-O 8. g3
d6 9. Bg2 Nbd7 10. O-O Nb6 11. Ne1 Bxa6 12. Rb1 Nfd7 13. Nc2 Nc4 14. Bd2 Qa5
15. b4 cxb4 16. Nxb4 Nxd2 17. Qxd2 Rfb8 18. Ne4 Kf8 19. Bh3 Ne5 20. Nxa6 Qxa6
21. Rxb8+ Rxb8 22. Rc1 h6 23. Bf1 f5 24. Nc3 Qa3 25. Rb1 Rxb1 26. Nxb1 Qa4 27.
Qc3 Bf6 28. Qb3 Qa5 29. a4 Qe1 30. h3 Nd7 31. Qc2 Nc5 32. Nd2 Nxa4 33. Qxa4
Qxd2 34. Qc4 Kg7 35. e3 Qc3 36. Qxc3 Bxc3 1/2-1/2

[Event "37. Copenhagen Open (Politiken Cup)"]
[Site "Elsinore"]
[Date "2015.07.28"]
[Round "5"]
[White "Jorgensen, Alexander Torp"]
[Black "Fjallheim, Elmar Reinert"]
[Result "0-1"]
[WhiteElo "1842"]
[BlackElo "1601"]
[PlyCount "94"]
[EventDate "2015.07.25"]
[EventType "swiss"]
[EventRounds "10"]
[EventCountry "DEN"]
[Source "ChessBase"]
[SourceDate "2015.09.14"]

1. e4 e6 2. d4 d5 3. Nc3 dxe4 4. Nxe4 Bd7 5. Nf3 Bc6 6. Bd3 Nd7 7. c3 Ngf6 8.
Nxf6+ Nxf6 9. Bf4 Bd6 10. Bg5 Be7 11. O-O Bxf3 12. Qxf3 Qd5 13. Qxd5 Nxd5 14.
Bd2 c6 15. f4 g6 16. g4 f5 17. h3 Bd6 18. Rae1 Kf7 19. Kg2 Rad8 20. Bc4 Rhe8
21. a4 a6 22. a5 c5 23. Bxd5 exd5 24. dxc5 Bxc5 25. Kf3 Re4 26. b4 Ba7 27. Rxe4
dxe4+ 28. Ke2 Rd3 29. gxf5 gxf5 30. Rh1 Rf3 31. Rh2 Bb8 32. Rf2 Rxh3 33. Be3
Bd6 34. Rf1 h5 35. Rb1 h4 36. b5 Rh2+ 37. Kf1 Rh1+ 38. Bg1 Bc5 39. Ke2 Rxg1 40.
Rb3 Rg4 41. bxa6 bxa6 42. Rb8 Kg6 43. Rc8 Ba7 44. Rc6+ Kh7 45. Rxa6 h3 46. Rd6
h2 47. Rd1 Rg2+ 0-1

[Event "37. Copenhagen Open (Politiken Cup)"]
[Site "Elsinore"]
[Date "2015.07.28"]
[Round "5"]
[White "Jorgensen, Dennis"]
[Black "Hansson, Fredrik"]
[Result "1/2-1/2"]
[WhiteElo "2253"]
[BlackElo "2036"]
[PlyCount "45"]
[EventDate "2015.07.25"]
[EventType "swiss"]
[EventRounds "10"]
[EventCountry "DEN"]
[Source "ChessBase"]
[SourceDate "2015.09.14"]

1. d4 d5 2. c4 c6 3. Nf3 Nf6 4. e3 a6 5. Nc3 Bf5 6. Be2 e6 7. O-O Nbd7 8. Nh4
Bg6 9. g3 Be7 10. Nxg6 hxg6 11. Bd3 b5 12. b3 O-O 13. Bb2 Qa5 14. a3 bxc4 15.
bxc4 Rfb8 16. Qc2 dxc4 17. Bxc4 c5 18. Rfb1 cxd4 19. exd4 Nb6 20. Bd3 Rc8 21.
Qd1 Rab8 22. Ne2 Na4 23. Bc1 1/2-1/2

[Event "37. Copenhagen Open (Politiken Cup)"]
[Site "Elsinore"]
[Date "2015.07.28"]
[Round "5"]
[White "Justinussen, Sigurd B"]
[Black "Haug, Johannes"]
[Result "0-1"]
[WhiteElo "1959"]
[BlackElo "2236"]
[PlyCount "82"]
[EventDate "2015.07.25"]
[EventType "swiss"]
[EventRounds "10"]
[EventCountry "DEN"]
[Source "ChessBase"]
[SourceDate "2015.09.14"]

1. e4 c6 2. d4 d5 3. Bd3 dxe4 4. Bxe4 Nf6 5. Bf3 Bf5 6. Ne2 h6 7. c4 e6 8. Nbc3
Nbd7 9. O-O Qc7 10. Bf4 Bd6 11. Bxd6 Qxd6 12. d5 Ne5 13. Nd4 Bd3 14. Be2 Bxc4
15. dxc6 bxc6 16. Bxc4 Nxc4 17. b3 Nb6 18. Rc1 O-O 19. Nce2 Rac8 20. Nf5 Qa3
21. Nfd4 Rfd8 22. Qc2 c5 23. Nf3 c4 24. bxc4 Rxc4 25. Qb3 Qxb3 26. axb3 Rxc1
27. Rxc1 Rd3 28. Ned4 Nfd5 29. h3 a6 30. Rc6 g6 31. Rd6 Kg7 32. b4 Rd1+ 33. Kh2
Rb1 34. Nc6 Nxb4 35. Nd8 N4d5 36. Ne5 a5 37. Ndxf7 a4 38. Rxe6 a3 39. Rxg6+ Kf8
40. Nxh6 a2 41. Nc6 Ke8 0-1

[Event "37. Copenhagen Open (Politiken Cup)"]
[Site "Elsinore"]
[Date "2015.07.28"]
[Round "5"]
[White "Kaasen, Tor Fredrik"]
[Black "Louis, Thibault"]
[Result "0-1"]
[WhiteElo "2026"]
[BlackElo "2250"]
[PlyCount "46"]
[EventDate "2015.07.25"]
[EventType "swiss"]
[EventRounds "10"]
[EventCountry "DEN"]
[Source "ChessBase"]
[SourceDate "2015.09.14"]

1. d4 Nf6 2. c4 e6 3. Nf3 b6 4. g3 Bb7 5. Bg2 g6 6. Nc3 Bg7 7. O-O Ne4 8. Qc2
Nxc3 9. bxc3 O-O 10. e4 d6 11. Bg5 Qd7 12. Rfe1 Nc6 13. Rad1 Na5 14. c5 Bc6 15.
Nd2 Ba4 16. Nb3 bxc5 17. dxc5 Rab8 18. Rb1 dxc5 19. c4 Rb4 20. Bf1 Rfb8 21.
Red1 Qe8 22. Bd2 Nxb3 23. Bxb4 Nd4 0-1

[Event "37. Copenhagen Open (Politiken Cup)"]
[Site "Elsinore"]
[Date "2015.07.28"]
[Round "5"]
[White "Kakulidis, Ellen"]
[Black "Brobakken, Jorgen"]
[Result "1-0"]
[WhiteElo "1770"]
[BlackElo "1521"]
[PlyCount "39"]
[EventDate "2015.07.25"]
[EventType "swiss"]
[EventRounds "10"]
[EventCountry "DEN"]
[Source "ChessBase"]
[SourceDate "2015.09.14"]

1. Nf3 d5 2. d4 Nf6 3. g3 Bf5 4. c4 c6 5. Qb3 Qc7 6. Nc3 e6 7. Bf4 Bd6 8. Bxd6
Qc8 9. cxd5 exd5 10. Bg2 Nbd7 11. O-O Nb6 12. Be5 Qd8 13. Rfe1 O-O 14. Nh4 Bg6
15. Nxg6 fxg6 16. e4 Kh8 17. exd5 cxd5 18. Nb5 Nc4 19. Rac1 a6 20. Nc7 1-0

[Event "37. Copenhagen Open (Politiken Cup)"]
[Site "Elsinore"]
[Date "2015.07.28"]
[Round "5"]
[White "Klitgaard, Ebbe"]
[Black "Andersen, Daniel"]
[Result "0-1"]
[WhiteElo "1961"]
[BlackElo "1766"]
[PlyCount "56"]
[EventDate "2015.07.25"]
[EventType "swiss"]
[EventRounds "10"]
[EventCountry "DEN"]
[Source "ChessBase"]
[SourceDate "2015.09.14"]

1. c4 Nf6 2. Nc3 d5 3. cxd5 Nxd5 4. g3 g6 5. Bg2 Nxc3 6. bxc3 c5 7. e3 Bg7 8.
Rb1 Qc7 9. Ne2 Nc6 10. O-O Bf5 11. e4 Be6 12. a4 Bc4 13. d3 Rd8 14. Nf4 Bxd3
15. Nd5 Rxd5 16. exd5 Bxb1 17. dxc6 bxc6 18. Bf4 e5 19. Qxb1 exf4 20. Re1+ Kf8
21. Bxc6 Bxc3 22. Re8+ Kg7 23. Qe4 Rxe8 24. Bxe8 fxg3 25. hxg3 Qe5 26. Qc6 Bd4
27. Qd7 Qxg3+ 28. Kh1 Qxf2 0-1

[Event "37. Copenhagen Open (Politiken Cup)"]
[Site "Elsinore"]
[Date "2015.07.28"]
[Round "5"]
[White "Kollars, Dmitrij"]
[Black "Stojanovski, Sandi"]
[Result "1/2-1/2"]
[WhiteElo "2437"]
[BlackElo "2192"]
[PlyCount "48"]
[EventDate "2015.07.25"]
[EventType "swiss"]
[EventRounds "10"]
[EventCountry "DEN"]
[Source "ChessBase"]
[SourceDate "2015.09.14"]

1. e4 c5 2. Nf3 Nc6 3. Bb5 g6 4. O-O Bg7 5. Bxc6 dxc6 6. d3 Nf6 7. h3 O-O 8.
Be3 b6 9. Nc3 Re8 10. Qd2 e5 11. Bh6 Bh8 12. a3 Qc7 13. b4 Nd7 14. Rab1 cxb4
15. axb4 Nf8 16. b5 Bb7 17. bxc6 Bxc6 18. Bxf8 Rxf8 19. Nd5 Bxd5 20. exd5 Rfd8
21. c4 e4 22. dxe4 Qxc4 23. Qf4 Rxd5 24. Rfc1 Qa4 1/2-1/2

[Event "37. Copenhagen Open (Politiken Cup)"]
[Site "Elsinore"]
[Date "2015.07.28"]
[Round "5"]
[White "Kramer, Julian"]
[Black "Fernandez, Daniel Howard"]
[Result "1-0"]
[WhiteElo "2312"]
[BlackElo "2472"]
[PlyCount "97"]
[EventDate "2015.07.25"]
[EventType "swiss"]
[EventRounds "10"]
[EventCountry "DEN"]
[Source "ChessBase"]
[SourceDate "2015.09.14"]

1. e4 e6 2. d4 d5 3. Nc3 Bb4 4. e5 c5 5. a3 Bxc3+ 6. bxc3 Ne7 7. Qg4 O-O 8. Bd3
c4 9. Bh6 Ng6 10. Bxg6 fxg6 11. Bd2 Qe8 12. Qe2 Bd7 13. Nh3 Ba4 14. Rc1 Nc6 15.
Nf4 a5 16. Be3 Rxf4 17. Bxf4 Qf8 18. Qg4 Re8 19. Kd2 Na7 20. Bg3 Nb5 21. Ra1 h6
22. Qxg6 Qe7 23. Ra2 Rf8 24. h4 Nc7 25. Qg4 Be8 26. a4 Rf5 27. Qe2 h5 28. f3 b5
29. axb5 Nxb5 30. Rxa5 Nxd4 31. Qe3 Nc6 32. Ra8 Kh7 33. Ke2 Bg6 34. Rb1 Rf8 35.
Rxf8 Qxf8 36. Rb6 Qa8 37. Qc5 Be8 38. Kf2 Qa4 39. Kg1 d4 40. cxd4 c3 41. Qxc3
Nxd4 42. Kh2 Bg6 43. Rb4 Ne2 44. Rxa4 Nxc3 45. Rc4 Nb5 46. Rc8 Nd4 47. c4 Bc2
48. Bf2 Nf5 49. Rc7 1-0

[Event "37. Copenhagen Open (Politiken Cup)"]
[Site "Elsinore"]
[Date "2015.07.28"]
[Round "5"]
[White "Kristiansen, Jens"]
[Black "Thogersen, Rasmus"]
[Result "1/2-1/2"]
[WhiteElo "2423"]
[BlackElo "2192"]
[PlyCount "82"]
[EventDate "2015.07.25"]
[EventType "swiss"]
[EventRounds "10"]
[EventCountry "DEN"]
[Source "ChessBase"]
[SourceDate "2015.09.14"]

1. d4 Nf6 2. c4 g6 3. Nc3 d5 4. Bg5 Ne4 5. Bh4 Nxc3 6. bxc3 dxc4 7. e3 c5 8.
Bxc4 Bg7 9. Nf3 O-O 10. O-O Qc7 11. Rc1 Nc6 12. Bg3 Qa5 13. Qb3 a6 14. d5 b5
15. Be2 c4 16. Qc2 Nb8 17. Nd4 Bb7 18. e4 Nd7 19. a4 Nc5 20. axb5 axb5 21. Rb1
Bxd4 22. cxd4 Nb3 23. Rfd1 Qb6 24. Qc3 Rfc8 25. Bg4 b4 26. Qe3 Rd8 27. h4 Ra3
28. h5 c3 29. hxg6 Qxg6 30. Bf5 Qh5 31. Be5 f6 32. Qg3+ Qg5 33. Be6+ Kf8 34.
Qxg5 fxg5 35. Rd3 g4 36. Bxg4 c2 37. Rf3+ Ke8 38. Bh5+ Kd7 39. Bg4+ Ke8 40.
Bh5+ Kd7 41. Bg4+ Ke8 1/2-1/2

[Event "37. Copenhagen Open (Politiken Cup)"]
[Site "Elsinore"]
[Date "2015.07.28"]
[Round "5"]
[White "Kristoffersen, Haakon"]
[Black "Narheim, Mats"]
[Result "0-1"]
[WhiteElo "1692"]
[BlackElo "1264"]
[PlyCount "58"]
[EventDate "2015.07.25"]
[EventType "swiss"]
[EventRounds "10"]
[EventCountry "DEN"]
[Source "ChessBase"]
[SourceDate "2015.09.14"]

1. e4 c5 2. Nf3 g6 3. d4 cxd4 4. Nxd4 Bg7 5. Nc3 Nc6 6. Be3 d6 7. f3 Nf6 8. Bc4
O-O 9. Qd2 Bd7 10. O-O-O a6 11. Bb3 b5 12. Kb1 b4 13. Nd5 a5 14. Nxf6+ Bxf6 15.
Nxc6 Bxc6 16. Bd5 Bxd5 17. Qxd5 Qc7 18. Bd4 Rfc8 19. Rd2 Bxd4 20. Qxd4 Rab8 21.
Rc1 a4 22. Rd3 Qa5 23. Qd5 Rc5 24. Qd4 b3 25. axb3 Rb4 26. Qe3 Rcb5 27. Rd4
axb3 28. cxb3 Rxb3 29. Qd2 Qa3 0-1

[Event "37. Copenhagen Open (Politiken Cup)"]
[Site "Elsinore"]
[Date "2015.07.28"]
[Round "5"]
[White "Kvisvik, Brede Alexander"]
[Black "Adan Bermudez, Sergio"]
[Result "1/2-1/2"]
[WhiteElo "2304"]
[BlackElo "2402"]
[PlyCount "80"]
[EventDate "2015.07.25"]
[EventType "swiss"]
[EventRounds "10"]
[EventCountry "DEN"]
[Source "ChessBase"]
[SourceDate "2015.09.14"]

1. d4 d6 2. e4 Nf6 3. Nc3 e5 4. Nf3 exd4 5. Nxd4 Be7 6. Bf4 O-O 7. Be2 Nbd7 8.
Qd2 Ne5 9. f3 c5 10. Ndb5 a6 11. Bxe5 dxe5 12. Qxd8 Bxd8 13. Nd6 Ba5 14. a4 Rb8
15. Nc4 Bxc3+ 16. bxc3 Re8 17. Nd6 Rd8 18. Nc4 Re8 19. Nd6 Re7 20. Rb1 Rc7 21.
Bxa6 Rc6 22. Nxc8 Rcxc8 23. Bc4 Ne8 24. Ke2 Nd6 25. Bd5 b5 26. a5 Rc7 27. c4 b4
28. Rb3 Ra7 29. Ra1 Kf8 30. c3 Ke7 31. Kd3 Ne8 32. cxb4 cxb4 33. a6 Nc7 34. Bb7
Nxa6 35. Bxa6 Rb6 36. c5 Rbxa6 37. Rxa6 Rxa6 38. Rb2 Kd7 39. Kc4 Kc6 40. Kxb4
Ra1 1/2-1/2